Neural computing : (Record no. 541864)

000 -LEADER
fixed length control field 00484pam a2200157 a 4500
020 ## - INTERNATIONAL STANDARD BOOK NUMBER
International Standard Book Number 0442207433
082 00 - DEWEY DECIMAL CLASSIFICATION NUMBER
Classification number 006.3
Author Mark WAS
-- D
100 1# - MAIN ENTRY--PERSONAL NAME
Personal name Wasserman, Philip D.,
9 (RLIN) 36918
245 10 - TITLE STATEMENT
Title Neural computing :
Remainder of title theory and practice /
Statement of responsibility, etc. Philip D. Wasserman.
260 ## - PUBLICATION, DISTRIBUTION, ETC.
Place of publication, distribution, etc. New York :
Name of publisher, distributor, etc. Van Nostrand Reinhold,
Date of publication, distribution, etc. c1989.
300 ## - PHYSICAL DESCRIPTION
Extent viii, 230 p. :
Other physical details ill. ;
Dimensions 24 cm.
526 ## - STUDY PROGRAM INFORMATION NOTE
Program name 0
Interest level 0
Reading level 0
Title point value 006_300000000000000_WAS
650 #0 - SUBJECT ADDED ENTRY--TOPICAL TERM
Topical term or geographic name entry element MCE
9 (RLIN) 379
650 #0 - SUBJECT ADDED ENTRY--TOPICAL TERM
Topical term or geographic name entry element Neural computers.
9 (RLIN) 36919
942 ## - ADDED ENTRY ELEMENTS (KOHA)
Source of classification or shelving scheme
Koha item type Book
Holdings
Withdrawn status Lost status Source of classification or shelving scheme Damaged status Not for loan Permanent Location Current Location Date acquired Total Checkouts Full call number Barcode Date last seen Price effective from Koha item type
          Military College of Engineering (MCE) Military College of Engineering (MCE) 09/05/2013   006.3 WAS MCE-41874 09/05/2013 09/05/2013 Book
© 2023 Central Library, National University of Sciences and Technology. All Rights Reserved.